[Event "ESP-chT Rapid"]
[Site "Toledo"]
[Date "2022.09.25"]
[Round "8"]
[White "Sahuquillo Cruz, Alejandro"]
[Black "Lopez Rodriguez, Walter"]
[Result "1/2-1/2"]
[WhiteElo "2008"]
[BlackElo "2145"]
[PlyCount "149"]
[EventDate "2022.09.24"]
[EventType "team-swiss (rapid)"]
[EventRounds "9"]
[EventCountry "ESP"]
[SourceTitle "CBM 210 Extra"]
[Source "ChessBase"]
[SourceDate "2022.11.30"]
[SourceVersion "1"]
[SourceVersionDate "2022.11.30"]
[SourceQuality "1"]
[WhiteTeam "Tajamar"]
[BlackTeam "Circulo Ferrolano"]
[WhiteTeamCountry "ESP"]
[BlackTeamCountry "ESP"]

1. e4 c5 2. Nf3 e6 3. d4 cxd4 4. Nxd4 a6 5. Nc3 Qc7 6. a3 Nf6 7. Be2 d6 8. Be3 b5 9. f4 Bb7 10. Bf3 Nbd7 11. Nb3 Be7 12. 0-0 0-0 13. Qe1 Rfe8 14. Rd1 Rac8 15. Qg3 Bf8 16. Kh1 g6 17. e5 Bxf3 18. Qxf3 Nh5 19. exd6 Bxd6 20. Ne4 Be7 21. c3 Nhf6 22. Nxf6+ Nxf6 23. Bd4 Rcd8 24. Nd2 Rd5 25. Bxf6 Bxf6 26. Ne4 Bg7 27. Rxd5 exd5 28. Ng3 d4 29. cxd4 Bxd4 30. b4 Qc3 31. Qd5 Rc8 32. f5 Qc4 33. Qf3 Be5 34. fxg6 hxg6 35. Ne4 Rc7 36. Nf6+ Bxf6 37. Qxf6 Qc6 38. Qe5 Rc8 39. h3 Re8 40. Qf4 Qe6 41. Rd1 Qb3 42. Rd7 Rf8 43. Rd2 Qxa3 44. Rf2 Qb3 45. Rf3 Qe6 46. Re3 Qc6 47. Qe5 Rc8 48. Re4 Qc1+ 49. Re1 Qd2 50. Re4 Qc1+ 51. Re1 Qc7 52. Qf6 Qc6 53. Qe5 Rd8 54. Re2 Rd5 55. Qf4 Rd1+ 56. Kh2 Qd6 57. Qxd6 Rxd6 58. Re8+ Kg7 59. Kg3 Rd4 60. Ra8 Rxb4 61. Rxa6 Rb2 62. Rb6 b4 63. Kf3 b3 64. h4 Rb1 65. Kg3 b2 66. Rb7 Kh6 67. Rb5 f5 68. Rb8 Kg7 69. Rb6 Kf7 70. Kf2 Rh1 71. Rxb2 Rxh4 72. Rb6 Re4 73. Kf3 Re6 74. Rb8 Kf6 75. g4 1/2-1/2

[Event "ESP-chT CECLUB Div2"]
[Site "Linares"]
[Date "2021.08.10"]
[Round "2.1"]
[White "Lopez Rodriguez, Walter"]
[Black "Vega Gutierrez, Sabrina Neide"]
[Result "0-1"]
[WhiteElo "2164"]
[BlackElo "2392"]
[PlyCount "102"]
[EventDate "2021.08.09"]
[EventType "team-swiss"]
[EventRounds "7"]
[EventCountry "ESP"]
[SourceTitle "CBM 203 Extra"]
[Source "ChessBase"]
[SourceDate "2021.09.30"]
[SourceVersion "1"]
[SourceVersionDate "2021.09.30"]
[SourceQuality "1"]
[WhiteTeam "Circulo Ferrolano"]
[BlackTeam "Casablanca Myinvestor"]
[WhiteTeamCountry "ESP"]
[BlackTeamCountry "ESP"]

1. d4 d5 2. Nf3 Nf6 3. e3 e6 4. c4 c6 5. b3 Nbd7 6. Bb2 Bd6 7. Bd3 Qe7 8. 0-0 e5 9. dxe5 Nxe5 10. Nxe5 Bxe5 11. Bxe5 Qxe5 12. Nd2 0-0 13. cxd5 Qxd5 14. Bc4 Qa5 15. Qc2 Rd8 16. Nf3 Bf5 17. Qb2 Bd3 18. Rfd1 Bxc4 19. bxc4 b6 20. Nd4 Qe5 21. Qc2 c5 22. Nf3 Qe4 23. Rxd8+ Rxd8 24. Rd1 Rxd1+ 25. Qxd1 h6 26. Qb3 Qf5 27. a4 Ne4 28. h3 Qf6 29. Qb1 Qe6 30. Qd3 Kf8 31. Qd8+ Qe8 32. Qd3 Nf6 33. Qd6+ Qe7 34. Qb8+ Ne8 35. Qc8 Qd6 36. Qa6 Qc7 37. Qb5 Nd6 38. Qb3 Qd8 39. Qd3 Qf6 40. Qd5 Ke7 41. Ne5 Qe6 42. Nc6+ Ke8 43. Nxa7 Nxc4 44. Qa8+ Ke7 45. Nc6+ Kd6 46. Na7 Qd7 47. Nb5+ Ke7 48. Nc3 Kf6 49. Qe4 Ne5 50. Nd5+ Ke6 51. f4 Qxd5 0-1

[Event "ESP-chT CECLUB Div2 Gp1"]
[Site "Padron"]
[Date "2012.08.09"]
[Round "2.3"]
[White "Moreno Gracia, Daniel"]
[Black "Lopez Rodriguez, Walter"]
[Result "1-0"]
[WhiteElo "2332"]
[BlackElo "2246"]
[PlyCount "54"]
[EventDate "2012.08.08"]
[EventType "team-swiss"]
[EventRounds "6"]
[EventCountry "ESP"]
[SourceTitle "CBM 149 Extra"]
[Source "ChessBase"]
[SourceDate "2012.08.24"]
[SourceVersion "1"]
[SourceVersionDate "2012.08.24"]
[SourceQuality "1"]
[WhiteTeam "Casablanca Stadium"]
[BlackTeam "Circulo Perrolano"]
[WhiteTeamCountry "ESP"]
[BlackTeamCountry "ESP"]

1. Nf3 Nf6 2. g3 d5 3. c4 e6 4. d4 c6 5. Bg2 Be7 6. 0-0 0-0 7. Qc2 b6 8. Rd1 Ba6 9. Nbd2 Nbd7 10. b3 Rc8 11. e4 Qc7 12. e5 Ne8 13. Bb2 Qb8 14. Nf1 Nc7 15. Ne3 Rfd8 16. h4 Nf8 17. Rac1 c5 18. h5 dxc4 19. bxc4 Bb7 20. d5 exd5 21. Nf5 Rd7 22. cxd5 Nxd5 23. Nxg7 Ne6 24. Nxe6 fxe6 25. Bh3 Rc6 26. Bxe6+ Rxe6 27. Qf5 Bc8 1-0

[Event "Burgas op 17th"]
[Site "Ourense"]
[Date "2008.07.06"]
[Round "4"]
[White "Outomuro Nieves, Rafael"]
[Black "Lopez Rodriguez, Walter"]
[Result "0-1"]
[WhiteElo "2051"]
[BlackElo "2227"]
[PlyCount "104"]
[EventDate "2008.07.03"]
[EventType "swiss"]
[EventRounds "9"]
[EventCountry "ESP"]
[SourceTitle "CBM 125 Extra"]
[Source "ChessBase"]
[SourceDate "2008.09.01"]
[SourceVersion "1"]
[SourceVersionDate "2008.09.01"]
[SourceQuality "1"]

1. e4 c5 2. Nf3 e6 3. d4 cxd4 4. Nxd4 a6 5. g3 d5 6. Bg2 dxe4 7. 0-0 Nf6 8. Nc3 Be7 9. Nxe4 0-0 10. Be3 Nd5 11. Re1 Nxe3 12. Rxe3 Nd7 13. Rd3 Qb6 14. Rb3 Qa7 15. Rd3 Nc5 16. Nxc5 Bxc5 17. Qd2 Bb6 18. Rd1 e5 19. Nb3 Bf5 20. Rd5 Rac8 21. c3 Bg4 22. Re1 f6 23. h3 Be6 24. Rd6 Rcd8 25. Rxd8 Rxd8 26. Qe2 Rd6 27. Nd2 Bxf2+ 28. Qxf2 Qxf2+ 29. Kxf2 Rxd2+ 30. Re2 Rd7 31. b3 Kf7 32. c4 b6 33. g4 h6 34. Ke3 Ke7 35. Be4 Kd6 36. Bf5 Bxf5 37. gxf5 Kc5 38. a3 Rd4 39. Rg2 Rh4 40. Rg3 a5 41. Kd3 Rf4 42. Rxg7 Rf3+ 43. Kc2 Rxf5 44. Rg6 Rf2+ 45. Kc3 Rf3+ 46. Kc2 Kd4 47. Rg4+ e4 48. h4 f5 49. Rg6 Rf2+ 50. Kd1 e3 51. Rxh6 f4 52. Rxb6 f3 0-1

[Event "Mostoles Bicentenary op"]
[Site "Mostoles"]
[Date "2008.05.30"]
[Round "9"]
[White "Lopez Rodriguez, Walter"]
[Black "Madina Yadarola, Martin"]
[Result "1/2-1/2"]
[WhiteElo "2160"]
[BlackElo "2297"]
[PlyCount "29"]
[EventDate "2008.05.20"]
[EventType "swiss"]
[EventRounds "9"]
[EventCountry "ESP"]
[SourceTitle "EXT 2009"]
[Source "ChessBase"]
[SourceDate "2008.11.26"]
[SourceVersion "1"]
[SourceVersionDate "2008.11.26"]
[SourceQuality "1"]

1. d4 g6 2. c4 c5 3. d5 e5 4. Nc3 d6 5. e4 Nd7 6. h3 h5 7. Nf3 Be7 8. Be3 h4 9. Be2 Nf8 10. b4 b6 11. bxc5 bxc5 12. Qa4+ Bd7 13. Qa3 Nf6 14. Rb1 Nh5 15. Rb7 1/2-1/2

[Event "Mostoles Bicentenary op"]
[Site "Mostoles"]
[Date "2008.05.27"]
[Round "6"]
[White "Fernandez Martinez, Jose"]
[Black "Lopez Rodriguez, Walter"]
[Result "0-1"]
[WhiteElo "1785"]
[BlackElo "2167"]
[PlyCount "63"]
[EventDate "2008.05.20"]
[EventType "swiss"]
[EventRounds "9"]
[EventCountry "ESP"]
[SourceTitle "CBM 124 Extra"]
[Source "ChessBase"]
[SourceDate "2008.07.03"]
[SourceVersion "1"]
[SourceVersionDate "2008.07.03"]
[SourceQuality "1"]

1. Nf3 f5 2. c4 Nf6 3. d4 g6 4. Nc3 Bg7 5. g3 d6 6. Bg2 0-0 7. 0-0 c6 8. Bf4 Na6 9. Qc1 Qe8 10. Bh6 e5 11. Bxg7 Kxg7 12. e3 e4 13. Ng5 h6 14. Nh3 g5 15. a3 Be6 16. b3 d5 17. cxd5 cxd5 18. Qd1 f4 19. exf4 g4 20. f5 gxh3 21. Bxe4 Nxe4 22. Qg4+ Ng5 23. fxe6 Qxe6 24. Qxe6 Nxe6 25. Nxd5 Rad8 26. Ne3 Nxd4 27. b4 Nc7 28. Rad1 Nf3+ 29. Kh1 Ne6 30. Rxd8 Rxd8 31. Rd1 Rxd1+ 32. Nxd1 0-1

[Event "ESP-ch Universities"]
[Site "Madrid"]
[Date "2008.05.10"]
[Round "8"]
[White "Lopez Rodriguez, Walter"]
[Black "Fidalgo Fernandez, Javier"]
[Result "1/2-1/2"]
[WhiteElo "2167"]
[BlackElo "2280"]
[PlyCount "40"]
[EventDate "2008.05.08"]
[EventType "swiss"]
[EventRounds "9"]
[EventCountry "ESP"]
[SourceTitle "CBM 124 Extra"]
[Source "ChessBase"]
[SourceDate "2008.07.03"]
[SourceVersion "1"]
[SourceVersionDate "2008.07.03"]
[SourceQuality "1"]

1. Nf3 d5 2. g3 Nf6 3. Bg2 e6 4. 0-0 Be7 5. d4 0-0 6. Nbd2 c5 7. dxc5 Bxc5 8. c4 Nc6 9. cxd5 Nxd5 10. a3 Nd4 11. Ne5 Qc7 12. Ndf3 Nxf3+ 13. Nxf3 Rd8 14. Bg5 f6 15. Bd2 e5 16. Rc1 Qe7 17. Qc2 Bb6 18. e4 Nc7 19. Bb4 Qf7 20. Rfd1 Be6 1/2-1/2

[Event "ESP-ch Universities"]
[Site "Madrid"]
[Date "2008.05.08"]
[Round "3"]
[White "Alcaraz Soriano, Angela"]
[Black "Lopez Rodriguez, Walter"]
[Result "0-1"]
[WhiteElo "1995"]
[BlackElo "2167"]
[PlyCount "66"]
[EventDate "2008.05.08"]
[EventType "swiss"]
[EventRounds "9"]
[EventCountry "ESP"]
[SourceTitle "CBM 124 Extra"]
[Source "ChessBase"]
[SourceDate "2008.07.03"]
[SourceVersion "1"]
[SourceVersionDate "2008.07.03"]
[SourceQuality "1"]

1. d4 Nf6 2. c4 c5 3. d5 b5 4. cxb5 a6 5. b6 e6 6. Nc3 exd5 7. Nxd5 Nxd5 8. Qxd5 Nc6 9. Nf3 Rb8 10. e4 Be7 11. Bc4 0-0 12. 0-0 Rxb6 13. a3 Na5 14. Ba2 Bb7 15. Qd3 c4 16. Bxc4 Nxc4 17. Qxc4 d5 18. exd5 Bxd5 19. Qe2 Re8 20. Re1 Re6 21. Be3 Qa8 22. Rac1 Rg6 23. Kf1 Bc6 24. Rxc6 Qxc6 25. Rc1 Qa8 26. Qc4 h5 27. h3 Bd8 28. Nh4 Rge6 29. Nf3 Qb7 30. b4 Rf6 31. Qc2 Rxf3 32. gxf3 Qxf3 33. Qc6 Rxe3 0-1

[Event "ESP-ch Student"]
[Site "Cartagena"]
[Date "2007.05.08"]
[Round "3"]
[White "Lopez Rodriguez, Walter"]
[Black "Rodriguez Fontecha, Marcos"]
[Result "0-1"]
[WhiteElo "2111"]
[BlackElo "2241"]
[PlyCount "42"]
[EventDate "2007.05.06"]
[EventType "swiss"]
[EventRounds "9"]
[EventCountry "ESP"]
[SourceTitle "CBM 118 Extra"]
[Source "ChessBase"]
[SourceDate "2007.07.04"]
[SourceVersion "1"]
[SourceVersionDate "2007.07.04"]
[SourceQuality "1"]

1. e4 e6 2. d4 d5 3. Nc3 Nf6 4. e5 Nfd7 5. Nf3 c5 6. dxc5 Bxc5 7. Bd3 Nc6 8. Bf4 f6 9. exf6 Nxf6 10. Qe2 0-0 11. 0-0-0 Nb4 12. Rhe1 Nxd3+ 13. Qxd3 Bxf2 14. Re2 Bb6 15. Ng5 Bc7 16. Bxc7 Qxc7 17. Nxe6 Bxe6 18. Rxe6 Rad8 19. h3 Qf7 20. Re5 d4 21. Nb1 Qc7 0-1

[Event "ESP-ch Student"]
[Site "Cartagena"]
[Date "2007.05.07"]
[Round "2"]
[White "Lopez Rodriguez, Walter"]
[Black "Dougan Maho, Harold"]
[Result "1-0"]
[WhiteElo "2111"]
[BlackElo "2232"]
[PlyCount "109"]
[EventDate "2007.05.06"]
[EventType "swiss"]
[EventRounds "9"]
[EventCountry "ESP"]
[SourceTitle "CBM 118 Extra"]
[Source "ChessBase"]
[SourceDate "2007.07.04"]
[SourceVersion "1"]
[SourceVersionDate "2007.07.04"]
[SourceQuality "1"]

1. Nf3 d6 2. d4 c6 3. g3 Nf6 4. Bg2 g6 5. Nc3 Bg7 6. a4 b6 7. e4 Ba6 8. b4 d5 9. e5 Nfd7 10. b5 Bb7 11. bxc6 Bxc6 12. 0-0 0-0 13. Re1 e6 14. Bg5 Qc8 15. Qd2 Re8 16. Bh6 Nf8 17. Bxg7 Kxg7 18. Bf1 Nbd7 19. Nb5 Bxb5 20. axb5 Qc7 21. Ra3 Rec8 22. Bd3 Qd8 23. Qb4 h6 24. Rea1 Rc7 25. Nd2 Nh7 26. f4 Qf8 27. Qb1 Qe7 28. R1a2 Ndf8 29. Qa1 Qb4 30. Nf3 Qe7 31. Ra6 Rb7 32. h4 h5 33. R2a4 Kg8 34. Kf2 Kg7 35. Qa2 Kg8 36. c4 dxc4 37. Be4 Rc8 38. Bxb7 Qxb7 39. Rxc4 Ra8 40. Rc6 Nd7 41. Nd2 Nb8 42. Rcxb6 Qc7 43. Rc6 Nxc6 44. bxc6 Rb8 45. Qa4 Rb6 46. Nc4 Rxa6 47. Qxa6 Kg7 48. Qb7 Qd8 49. c7 Qxd4+ 50. Ne3 g5 51. c8Q Qd2+ 52. Kf3 g4+ 53. Ke4 Qe1 54. Qcc7 Qh1+ 55. Kd3 1-0

[Event "Cambre op"]
[Site "Cambre"]
[Date "2006.08.14"]
[Round "4"]
[White "Lopez Rodriguez, Walter"]
[Black "Arias, Manuel"]
[Result "1/2-1/2"]
[WhiteElo "2122"]
[BlackElo "2063"]
[PlyCount "155"]
[EventDate "2006.08.12"]
[EventType "swiss"]
[EventRounds "7"]
[EventCountry "ESP"]
[SourceTitle "CBM 113 Extra"]
[Source "ChessBase"]
[SourceDate "2006.09.14"]
[SourceVersion "1"]
[SourceVersionDate "2006.09.14"]
[SourceQuality "1"]

1. d4 Nf6 2. Nf3 e6 3. g3 d5 4. Bg2 Be7 5. 0-0 0-0 6. c4 c6 7. Qc2 Nbd7 8. Nbd2 Re8 9. b3 a5 10. Bb2 Bb4 11. a3 Bxd2 12. Nxd2 dxc4 13. Nxc4 Nb6 14. Ne5 Nbd7 15. Nd3 Nf8 16. Rac1 Ng6 17. h3 Nd7 18. Rfd1 Qe7 19. Qc3 f6 20. f4 Nb6 21. e4 Rd8 22. Nf2 Bd7 23. Qe3 Nc8 24. h4 Nf8 25. Nd3 Be8 26. Nc5 Bf7 27. Bh3 Nd6 28. Qe1 b6 29. Na4 Qb7 30. Bg2 e5 31. d5 cxd5 32. fxe5 Nxe4 33. exf6 Nxf6 34. Qf2 Ne4 35. Bxe4 dxe4 36. Nxb6 Rab8 37. Rxd8 Rxd8 38. b4 axb4 39. axb4 Nd7 40. Rd1 e3 41. Qxe3 Re8 42. Rxd7 Qxd7 43. Qd4 Qxd4+ 44. Bxd4 Re4 45. Bc5 Be8 46. Kf2 Bc6 47. Nc8 Re6 48. Ne7+ Kf7 49. Nf5 g6 50. Nd4 Rf6+ 51. Ke3 Bb7 52. b5 Rf1 53. b6 Kf6 54. Bd6 Re1+ 55. Kd2 Rb1 56. Bc7 Ke7 57. Kc3 Kd7 58. Nb3 Kc8 59. Nd2 Rc1+ 60. Kd4 Rd1 61. Bf4 Bg2 62. Ke5 Re1+ 63. Kf6 Kb7 64. Nc4 Bd5 65. Ne3 Be4 66. Nc4 Bd3 67. Ne5 Bb1 68. Kg7 Kxb6 69. Kh6 Kc5 70. Nd7+ Kd5 71. Nf6+ Ke6 72. Nxh7 Kf5 73. Ng5 Re8 74. Kg7 Ba2 75. Nf3 Rg8+ 76. Kh7 Rd8 77. Kg7 Rg8+ 78. Kh7 1/2-1/2

[Event "ESP-ch U20"]
[Site "Mondariz"]
[Date "2003.07.24"]
[Round "5.12"]
[White "Lopez Rodriguez, Walter"]
[Black "Astaneh Lopez, Alex"]
[Result "0-1"]
[WhiteElo "2095"]
[BlackElo "2176"]
[PlyCount "46"]
[EventDate "2003.06.22"]
[EventType "swiss"]
[EventRounds "8"]
[EventCountry "ESP"]
[SourceTitle "EXT 2004"]
[Source "ChessBase"]
[SourceDate "2003.11.25"]
[SourceVersion "1"]
[SourceVersionDate "2003.11.25"]
[SourceQuality "1"]

1. d4 Nf6 2. c4 g6 3. Nc3 d5 4. cxd5 Nxd5 5. e4 Nxc3 6. bxc3 Bg7 7. Bb5+ c6 8. Ba4 0-0 9. Ne2 e5 10. Be3 exd4 11. cxd4 Re8 12. Bc2 c5 13. dxc5 Qa5+ 14. Kf1 Nc6 15. h4 Be6 16. Rb1 Rad8 17. Qc1 Qxa2 18. h5 Bc4 19. hxg6 hxg6 20. f3 Nd4 21. Bxd4 Bxd4 22. Bd1 Be3 23. Qc2 Bxe2+ 0-1

[Event "ESP-ch U20"]
[Site "Mondariz"]
[Date "2003.06.22"]
[Round "1.3"]
[White "Lopez Rodriguez, Walter"]
[Black "Fernandez Romero, Ernesto"]
[Result "0-1"]
[WhiteElo "2073"]
[BlackElo "2434"]
[PlyCount "36"]
[EventDate "2003.06.22"]
[EventType "swiss"]
[EventRounds "8"]
[EventCountry "ESP"]
[SourceTitle "EXT 2004"]
[Source "ChessBase"]
[SourceDate "2003.11.25"]
[SourceVersion "1"]
[SourceVersionDate "2003.11.25"]
[SourceQuality "1"]

1. e4 c5 2. Nf3 Nc6 3. d4 cxd4 4. Nxd4 Nf6 5. Nc3 d6 6. Be2 Nxd4 7. Qxd4 g6 8. Bg5 Bg7 9. 0-0-0 0-0 10. Qd2 Be6 11. Kb1 Rc8 12. Bh4 Qb6 13. Na4 Qc6 14. Nc3 Nxe4 15. Nxe4 Qxe4 16. Bf3 Qa4 17. b3 Qa3 18. c4 Bf5+ 0-1

[Event "Ferrol op 18th"]
[Site "Ferrol"]
[Date "2002.07.24"]
[Round "8"]
[White "Lopez Rodriguez, Walter"]
[Black "Rodriguez Lopez, Rafael"]
[Result "0-1"]
[WhiteElo "2068"]
[BlackElo "2273"]
[PlyCount "60"]
[EventDate "2002.07.17"]
[EventType "swiss"]
[EventRounds "9"]
[EventCountry "ESP"]
[SourceTitle "CBM 089 Extra"]
[Source "ChessBase"]
[SourceDate "2002.09.10"]
[SourceVersion "2"]
[SourceVersionDate "2002.09.10"]
[SourceQuality "1"]

1. e4 c5 2. c3 Nf6 3. e5 Nd5 4. d4 cxd4 5. Nf3 e6 6. cxd4 d6 7. Nc3 Nxc3 8. bxc3 Qc7 9. Bd2 Nd7 10. exd6 Bxd6 11. Bd3 b6 12. 0-0 Bb7 13. h3 0-0 14. Re1 Rac8 15. a4 Bd5 16. c4 Bxc4 17. Rc1 Bxd3 18. Rxc7 Rxc7 19. Ne5 Bc2 20. Qg4 Nf6 21. Qh4 Nd5 22. a5 b5 23. Qg4 Rfc8 24. Nxf7 Rxf7 25. Qxe6 Rd8 26. Bg5 Rdd7 27. Kh1 Bf8 28. Rc1 Bf5 29. Qa6 h6 30. g4 Bd3 0-1

[Event "Burgas op 11th"]
[Site "Orense"]
[Date "2002.07.09"]
[Round "4.11"]
[White "Lopez Rodriguez, Walter"]
[Black "Piay Augusto, Diego"]
[Result "0-1"]
[WhiteElo "2068"]
[BlackElo "2289"]
[PlyCount "74"]
[EventDate "2002.07.06"]
[EventType "swiss"]
[EventRounds "9"]
[EventCountry "ESP"]
[SourceTitle "CBM 089 Extra"]
[Source "ChessBase"]
[SourceDate "2002.09.10"]
[SourceVersion "2"]
[SourceVersionDate "2002.09.10"]
[SourceQuality "1"]

1. d4 g6 2. e4 c5 3. Nf3 b6 4. c4 Bg7 5. Nc3 Bb7 6. d5 d6 7. Be2 Nd7 8. 0-0 Ngf6 9. h3 0-0 10. Bf4 a6 11. a4 Bc8 12. Qd2 Nh5 13. Bh6 Bh8 14. Bxf8 Qxf8 15. a5 Bg7 16. g4 Bh6 17. g5 Bg7 18. Nh2 Ne5 19. Ng4 f5 20. Nxe5 Bxe5 21. Bxh5 gxh5 22. f4 Bd4+ 23. Kh2 fxe4 24. Nxe4 Qf5 25. Qg2 bxa5 26. Ng3 Qg6 27. Rxa5 Rb8 28. Ra2 Rb3 29. h4 Qd3 30. Ra3 Qxc4 31. Rxb3 Qxb3 32. Nxh5 Kf7 33. Ng3 Bb7 34. Re1 Bxd5 35. Qe2 e6 36. Qh5+ Kf8 37. Nf5 Qc2+ 0-1

[Event "Burgas op 11th"]
[Site "Orense"]
[Date "2002.07.07"]
[Round "2.12"]
[White "Lopez Rodriguez, Walter"]
[Black "Alonso Garcia, Rene Marcial"]
[Result "0-1"]
[WhiteElo "2068"]
[BlackElo "2387"]
[PlyCount "68"]
[EventDate "2002.07.06"]
[EventType "swiss"]
[EventRounds "9"]
[EventCountry "ESP"]
[SourceTitle "CBM 089 Extra"]
[Source "ChessBase"]
[SourceDate "2002.09.10"]
[SourceVersion "2"]
[SourceVersionDate "2002.09.10"]
[SourceQuality "1"]

1. e4 c5 2. Nf3 d6 3. d4 cxd4 4. Nxd4 Nf6 5. Nc3 a6 6. Be2 e6 7. 0-0 Qc7 8. Be3 Be7 9. a4 b6 10. f4 Bb7 11. Bf3 Nbd7 12. Qe2 g6 13. Nb3 e5 14. g3 0-0 15. Rad1 exf4 16. gxf4 Rfe8 17. Qg2 Bf8 18. Bf2 Rac8 19. h4 Qb8 20. Rfe1 Bh6 21. Bg3 Bg7 22. Bh2 Ba8 23. h5 gxh5 24. Rd3 Kh8 25. Qd2 Rg8 26. Kh1 b5 27. Rxd6 bxa4 28. Nxa4 Rxc2 29. Qd3 Rxh2+ 30. Kxh2 Bf8 31. Rxf6 Nxf6 32. e5 Qb5 33. Qd2 Qxb3 34. Bxa8 Qg3+ 0-1

[Event "ESP-ch U18"]
[Site "Formigal"]
[Date "2002.??.??"]
[Round "3.5"]
[White "Lopez Rodriguez, Walter"]
[Black "Gonzalez Menendez, Ivan"]
[Result "1/2-1/2"]
[WhiteElo "2074"]
[BlackElo "2283"]
[PlyCount "98"]
[EventDate "2002.07.05"]
[EventType "swiss"]
[EventRounds "8"]
[EventCountry "ESP"]
[SourceTitle "EXT 2003"]
[Source "ChessBase"]
[SourceDate "2002.11.25"]
[SourceVersion "1"]
[SourceVersionDate "2002.11.25"]
[SourceQuality "1"]

1. e4 e6 2. d4 d5 3. Nc3 Bb4 4. exd5 exd5 5. Bd3 Nc6 6. a3 Bxc3+ 7. bxc3 Nge7 8. Rb1 b6 9. Qh5 Be6 10. Ne2 Qd7 11. h3 Bf5 12. Nf4 Bxd3 13. cxd3 0-0 14. 0-0 Rad8 15. Qf3 Qf5 16. g4 Qf6 17. Qg3 Qd6 18. Nh5 Qxg3+ 19. Nxg3 f5 20. f4 Rd6 21. g5 Re6 22. Bd2 Kf7 23. Kf2 Re8 24. Rfe1 Rxe1 25. Rxe1 g6 26. Ne2 Nc8 27. Ng1 Rxe1 28. Kxe1 a5 29. Kd1 Nd6 30. Kc2 Ke6 31. a4 Nd8 32. Be3 Kd7 33. Nf3 N6f7 34. Kb3 Nd6 35. Bc1 Ne8 36. c4 Ke6 37. Ba3 Ng7 38. Ng1 Nh5 39. Ne2 c6 40. Bc1 Kd6 41. h4 Ne6 42. Be3 Kc7 43. Ka3 Kb7 44. Kb3 Nc7 45. Bd2 Ne6 46. Be3 Kc7 47. Bd2 Kd6 48. Be3 Kd7 49. Kc3 Kd6 1/2-1/2

[Event "ESP-ch U18"]
[Site "Formigal"]
[Date "2002.??.??"]
[Round "5.3"]
[White "Lopez Rodriguez, Walter"]
[Black "Moreno Trujillo, Alejandro"]
[Result "1/2-1/2"]
[WhiteElo "2074"]
[BlackElo "2313"]
[PlyCount "61"]
[EventDate "2002.07.05"]
[EventType "swiss"]
[EventRounds "8"]
[EventCountry "ESP"]
[SourceTitle "EXT 2003"]
[Source "ChessBase"]
[SourceDate "2002.11.25"]
[SourceVersion "1"]
[SourceVersionDate "2002.11.25"]
[SourceQuality "1"]

1. e4 c5 2. Nf3 Nc6 3. d4 cxd4 4. Nxd4 Nf6 5. Nc3 d6 6. Be2 e6 7. 0-0 Be7 8. Be3 0-0 9. f4 a6 10. a4 Qc7 11. Kh1 Re8 12. Bf3 Bd7 13. Nb3 e5 14. f5 Nb4 15. g4 Bc6 16. g5 Nd7 17. Qe2 b5 18. a5 Bf8 19. Bg2 Bb7 20. Rf2 Qc4 21. Qd1 Rad8 22. Rd2 Qc8 23. Qh5 g6 24. Qh4 Nc5 25. Nxc5 dxc5 26. fxg6 fxg6 27. Nd5 Bxd5 28. exd5 Bg7 29. Be4 Rf8 30. Qg3 Qc7 31. Qg2 1/2-1/2